Resumen de las tareas de la Real Sociedad Económica Filipina de Amigos del País durante el período de 1881 á 1885 / (Record no. 163080)

MARC details
000 -LEADER
campo de control de longitud fija 00864nam a22001935i 4500
001 - NÚMERO DE CONTROL
campo de control 163080
003 - IDENTIFICADOR DE NÚMERO DE CONTROL
campo de control ES-MaACL
005 - FECHA Y HORA DE LA ÚLTIMA TRANSACCIÓN
campo de control 20230906212650.0
008 - DATOS DE LONGITUD FIJA--INFORMACIÓN GENERAL
campo de control de longitud fija 040902s1886 phl |||| | spa d
040 ## - FUENTE DE CATALOGACIÓN
Centro catalogador/agencia de origen CAM
Lengua de catalogación spa
Centro/agencia transcriptor CAM
110 2# - ENTRADA PRINCIPAL--NOMBRE DE ENTIDAD CORPORATIVA
Nombre de entidad corporativa o nombre de jurisdicción como elemento de entrada Real Sociedad Económica Filipina de Amigos del País.
9 (RLIN) 134795
245 10 - MENCIÓN DEL TÍTULO
Título Resumen de las tareas de la Real Sociedad Económica Filipina de Amigos del País durante el período de 1881 á 1885 /
Mención de responsabilidad, etc. por Arturo de Malibrán y Martinón.
260 ## - PUBLICACIÓN, DISTRIBUCIÓN, ETC.
Lugar de publicación, distribución, etc. Manila :
Nombre del editor, distribuidor, etc. [s.n.],
Fecha de publicación, distribución, etc. 1886 (
Fabricante Establecimiento tipo-lit. de M. Pérez, Hijo)
300 ## - DESCRIPCIÓN FÍSICA
Extensión 176, [2] p. ;
Dimensiones 19 cm.
650 04 - PUNTO DE ACCESO ADICIONAL DE MATERIA--TÉRMINO DE MATERIA
Término de materia o nombre geográfico como elemento de entrada Asociaciones económicas-
Subdivisión geográfica Filipinas.
9 (RLIN) 135643
700 11 - ENTRADA AGREGADA--NOMBRE PERSONAL
Nombre de persona Malibrán y Martinón, Arturo de.
9 (RLIN) 129382
752 ## - ENTRADA AGREGADA--NOMBRE JERÁRQUICO DEL LUGAR
País o entidad superior Filipinas -
Jurisdicción política intermedia Manila
852 ## - LOCALIZACIÓN
Ubicación ES-MaACL
Número de control de estantería T-475-F-15
Nota libre -- Enc. hol.
condición física -- Falto de la cub. original
Nota libre -- Enc. en un vol. facticio
Holdings
Estatus retirado Estado de pérdida Estado de daño No para préstamo Colección Biblioteca de origen Biblioteca actual Ubicación en estantería Fecha de adquisición Total de préstamos Signatura topográfica completa Código de barras Visto por última vez Precio de reemplazo Tipo de ítem Koha
        Colección de folletos Biblioteca del Ateneo de Madrid Biblioteca del Ateneo de Madrid Depósito folletos 17/01/2008   T-475-F-15 1170885 23/02/2023 23/02/2023 Folleto